000 00741nam a2200265Ia 4500
005 20260302114954.0
008 008 260114s9999 xx 000 0 eng d
020 _a9781501318658
037 _aTextbook
040 _aCRL
040 _beng
040 _cCRL
041 _2eng
041 _aeng
084 _qCRL
100 _aJennifer Rutherford and Anthony Uhlmann
_91120325
245 0 _aJ. M. Coetzee’s The Childhood of Jesus The Ethics of Ideas and Things
260 _bBloomsbury
260 _bBloomsbury Academic
260 _c2017
650 _aLiterary Studies
856 _uhttps://dx.doi.org/10.5040/9781501318658?locatt=label:secondary_bloomsburyCollections
942 _cEBOOK
999 _c1684490
_d1684490